Habilitación general del Sistema Integral de Recupero (SIR). (Registro nro. 35599)

Detalles MARC
000 -LEADER
fixed length control field 00327 a2200109 4500
001 - CONTROL NUMBER
control field ART_56536
005 - DATE AND TIME OF LATEST TRANSACTION
control field 20260410162049.0
008 - FIXED-LENGTH DATA ELEMENTS--GENERAL INFORMATION
fixed length control field 260409a
100 1# - MAIN ENTRY--PERSONAL NAME
Personal name Baldo, Alberto
245 10 - TITLE STATEMENT
Title Habilitación general del Sistema Integral de Recupero (SIR).
773 0# - HOST ITEM ENTRY
Title Impuestos
Related parts - N° 126 (jun. 2022)
Record control number REV45175

No hay ítems disponibles.